Central Library OPAC University of Rajshahi

Satellite communications : (Record no. 60816)

MARC details
000 -LEADER
fixed length control field 00890nam a2200289 a 4500
001 - CONTROL NUMBER
control field 60816
003 - CONTROL NUMBER IDENTIFIER
rucl marc code BD-RjUL
005 - DATE AND TIME OF LATEST TRANSACTION
control field 20211209080903.0
008 - FIXED-LENGTH DATA ELEMENTS--GENERAL INFORMATION
fixed length control field 170103s1994 enkab 001 0 eng d
020 ## - INTERNATIONAL STANDARD BOOK NUMBER
International Standard Book Number 034061448X (pbk)
035 ## - SYSTEM CONTROL NUMBER
System control number BD-RjUL 60940
System control number (OCoLC)32551232
System control number (OCoLC)48399302
System control number (OCoLC)31278693
040 ## - CATALOGING SOURCE
Original cataloging agency UKM
Transcribing agency UKM
Modifying agency RCE
-- PIT
-- MYG
-- BD-RjUL
Language of cataloging eng
041 ## - LANGUAGE CODE
Language code of text/sound track or separate title eng
082 04 - DEWEY DECIMAL CLASSIFICATION NUMBER
Classification number 384.51
Edition number 20
Author mark and year CAS 1994
090 ## - LOCALLY ASSIGNED LC-TYPE CALL NUMBER (OCLC); LOCAL CALL NUMBER (OCLC)
Classification number (OCLC) (R) ; Classification number, CALL (RLIN) (NR) TK5104
Local cutter number (OCLC) ; Book number/undivided call number, CALL (RLIN) .C34 1994
100 1# - MAIN ENTRY--PERSONAL NAME
Personal name Calcutt, D. M.,
Dates associated with a name 1935-
9 (RLIN) 181271
245 10 - TITLE STATEMENT
Title Satellite communications :
Remainder of title principles and applications /
Statement of responsibility, etc. David Calcutt, Laurie Tetley.
260 ## - PUBLICATION, DISTRIBUTION, ETC. (IMPRINT)
Place of publication, distribution, etc. London :
Name of publisher, distributor, etc. Edward Arnold,
Date of publication, distribution, etc. 1994.
300 ## - PHYSICAL DESCRIPTION
Pagination xv, 396 p. :
Illustrations ill. ;
Size 25 cm.
650 #0 - SUBJECT ADDED ENTRY--TOPICAL TERM
Topical term or geographic name as entry element Satellite communication
9 (RLIN) 181273
700 1# - ADDED ENTRY--PERSONAL NAME
Personal name Tetley, L.
Fuller form of name (Laurence),
Dates associated with a name 1941-
942 ## - ADDED ENTRY ELEMENTS (KOHA)
Source of classification or shelving scheme Dewey Decimal Classification
Koha item type Books
949 ## - LOCAL PROCESSING INFORMATION (OCLC)
a e
p 39080009939775
Holdings
Lost status Source of classification or shelving scheme Damaged status Not for loan Collection code Permanent Location Current Location Shelving location Date acquired Source of acquisition Cost, normal purchase price Total Checkouts Full call number Date last seen Copy number Koha item type
  Dewey Decimal Classification   Not For Loan Non-fiction Central Library, University of Rajshahi Central Library, University of Rajshahi Reading Room 06/08/2007 Paragon Enterprises Dhaka 24.99   384.51 CAS 1994 03/01/2017 C-1 Books